000 00759nam a2200277Ia 4500
001 Para_6757
003 CHAP
008 220125s1981 xx 000 0 und d
010 _a205553
040 _cCHAP
082 _aPA 632.96 S35
100 _aSamways, Michael J.
_9101948
245 _aBiological control of pests and weeds /
_c by Michael J. Samways
260 _aLondon :
_b Edward Arnold
300 _a57 p.
440 _aStudies in biology; 132
_9171594
650 _aControl biológico de plagas
_927587
650 _aControl de Plagas
_927595
901 _aPA 632.96 S35
902 _aA
905 _a0000001981 0000000000 00
910 _a1981
942 _cPARA
942 _cPARA
_d1
999 _c205553
_d205553